000 00580cam a22002052 4500
001 0000000876
005 20151217151759.0
008 070221s xx 000 0 eng d
020 _a9966460489 :
040 _aKABU
_cKABU
050 0 _aDT433.545
_b.M47N93
100 1 _aNyaga, Daniel.
_@0000179728
245 1 0 _aCustoms and traditions of the Meru /
_cDainel Nyaga.
260 _aNairobi :
_bEAEP,
_c1997.
300 _a154 p.
600 1 0 _aMeru (African people)
_@0000149273
908 _a070221
950 _@1
999 _c4952
_d4952